Diccionario de la lengua española.

محفوظ في:
التفاصيل البيبلوغرافية
مؤلف مشترك: Real Academia Española (autor)
التنسيق: كتاب
اللغة:الإسبانية
منشور في: Madrid, España: Espasa Calpe, 2001.
الطبعة:Vigésima segunda edición.
الموضوعات:
الوسوم: إضافة وسم
لا توجد وسوم, كن أول من يضع وسما على هذه التسجيلة!

MARC

LEADER 00000cam a2200000 a 4500
001 UCG4217
003 CL-VaPUC
005 20250321101907.0
008 101018e20010000SP |||||||||||||||||spa|d
999 |c 343052  |d 343050 
020 |a 84-239-6814-6 (O.C.) 
020 |a 84-239-6823-5 (t.I) 
020 |a 84-239-6824-3 (t.II) 
040 |c Pontificia Universidad Católica de Valparaíso 
082 0 4 |a 463 REA 2001  |2 21 
110 2 |a Real Academia Española  |e autor  |9 553558 
245 1 0 |a Diccionario de la lengua española. 
250 |a Vigésima segunda edición.  
260 |a Madrid, España:  |b Espasa Calpe,   |c 2001. 
300 |a 2 tomos.  
500 |a c.3 Tomo I: Donación Familia Prof. Alejandro Guzmán Brito. c.3 Tomo II: Donación Familia Prof. Alejandro Guzmán Brito. c.4.-c.5. Tomo I y II .Instituto Arcos 8-1-2025 
583 |a last modification  |c 20121019 11:27:01  |k Rodrigo Vera 
650 0 |a Diccionarios  |9 256200 
650 0 |a Glosarios  |9 261047 
650 0 |a Idioma español  |9 309143 
942 |c BK  |2 ddc  |n 0 
945 |d 20101018 00:00:00  |a mfarfan 
952 |0 0  |1 0  |4 0  |6 463_000000000000000_REA_2001  |7 0  |8 F  |9 439974  |a BIBMEC  |b BIBMEC  |d 2019-11-22  |h t.1  |i 4727223  |o 463 REA 2001  |p 4727223  |r 2024-01-19  |w 2019-11-22  |y BK_F  |k MEC 
952 |0 0  |1 0  |4 0  |6 463_000000000000000_REA_2001  |7 0  |8 F  |9 439975  |a BIBMEC  |b BIBMEC  |d 2019-11-22  |h t.2  |i 4727231  |o 463 REA 2001  |p 4727231  |r 2024-01-19  |w 2019-11-22  |y BK_F  |k MEC 
952 |0 0  |1 0  |4 0  |6 463_000000000000000_REA_2001  |7 0  |8 F  |9 439978  |a BIBEDU  |b BIBEDU  |d 2019-11-22  |h t.1  |i 4916875  |l 3  |o 463 REA 2001  |p 4916875  |r 2024-10-14  |s 2024-10-14  |w 2019-11-22  |y BK_F  |k EPE 
952 |0 0  |1 0  |4 0  |6 463_000000000000000_REA_2001  |7 0  |8 F  |9 439979  |a BIBEDU  |b BIBEDU  |d 2019-11-22  |h t.2  |i 4916883  |l 2  |o 463 REA 2001  |p 4916883  |r 2024-10-14  |s 2024-10-14  |w 2019-11-22  |y BK_F  |k EPE 
952 |0 0  |1 0  |2 ddc  |4 0  |6 463_000000000000000_REA_2001  |7 1  |8 C_AGB  |9 580960  |a BIBDER  |b BIBDER  |d 2022-01-31  |e Donación   |h t.I  |i 564304K  |o 463 REA 2001  |p 564304K  |r 2023-01-25  |t 3  |w 2022-01-31  |y BK_US  |k AGB 
952 |0 0  |1 0  |2 ddc  |4 0  |6 463_000000000000000_REA_2001  |7 1  |8 C_AGB  |9 581106  |a BIBDER  |b BIBDER  |d 2022-02-03  |e Donación   |h t.II  |i 5644534  |o 463 REA 2001  |p 5644534  |r 2023-01-25  |t 3  |w 2022-02-03  |y BK_US  |k AGB 
952 |0 0  |1 0  |2 ddc  |4 0  |6 463_000000000000000_REA_2001  |7 0  |8 A  |9 599667  |a BIBINC  |b BIBINC  |d 2025-01-21  |e Instituto Arcos  |h t.II  |i 5664649  |o 463 REA 2001  |p 5664649  |r 2025-01-21  |t 4  |w 2025-01-21  |y BK  |k IFP 
952 |0 0  |1 0  |2 ddc  |4 0  |6 463_000000000000000_REA_2001  |7 0  |8 A  |9 599668  |a BIBINC  |b BIBINC  |d 2025-01-21  |e Instituto Arcos  |h t.I  |i 5664648  |o 463 REA 2001  |p 5664648  |r 2025-01-21  |t 4  |w 2025-01-21  |y BK  |k IFP 
952 |0 0  |1 0  |2 ddc  |4 0  |6 463_000000000000000_REA_2001  |7 0  |8 A  |9 599669  |a BIBINC  |b BIBINC  |d 2025-01-21  |e Instituto Arcos  |h t.I  |i 5664650  |o 463 REA 2001  |p 5664650  |r 2025-01-21  |t 5  |w 2025-01-21  |y BK  |k IFP 
952 |0 0  |1 0  |2 ddc  |4 0  |6 463_000000000000000_REA_2001  |7 0  |8 A  |9 599670  |a BIBINC  |b BIBINC  |d 2025-01-21  |e Instituto Arcos  |h t.II  |i 5664651  |o 463 REA 2001  |p 5664651  |r 2025-01-21  |t 5  |w 2025-01-21  |y BK  |k IFP